000 00790nam a2200217 i 4500
001 163268
003 ES-MaACL
005 20250728113741.0
008 050713e1862 fr |||| | fre d
040 _aCAM
_bspa
_cCAM
080 _a21/29-9
100 1 _aRenan, Ernest,
_d1823-1892
_996168
_eaut
245 1 0 _aEtudes d'histoire religieuse /
_cpar Ernest Renan.
260 _aParis :
_bMichel Lévy Frères,
_c1862
_f(Imp. Simon Raçon et Comp.)
300 _aXXVIII, 433 páginas ;
_c22 cm.
650 0 4 _aReligiones-
_xHistoria
_916823
852 _aES-MaACL
_cSVI
_gFirma autógrafa de Antonio Aura Boronat, Madrid junio 1871
_hDonativo de Antonio Aura Boronat
_jD-4973
_xHolandesa
942 _2udc
_cMONANT
_n0
999 _c163268
_d163268